[Event "Detroit (MCO/2/18)"]
[Site "?"]
[Date "1990.??.??"]
[Round "?"]
[White "Sturgis, Derreck"]
[Black "Wilson, Vester"]
[Result "0-1"]
[WhiteElo "1605"]
[BlackElo "2100"]
[PlyCount "80"]
[EventDate "1990.??.??"]

{2/(18)} 1. d4 d5 2. c4 dxc4 3. e3 Be6 4. b3 cxb3 5. axb3 Nf6 6. Nc3 c6 7. Bd3
Qb6 8. Bc2 Na6 9. Na4 Qb5 10. Ne2 b6 11. Nac3 Qg5 12. O-O Nb4 13. Bb1 a5 14. e4
Qh5 15. f3 g5 16. Ba3 Rd8 17. Bxb4 axb4 18. Na4 Rb8 19. Nxb6 Rxb6 20. Ra8+ Kd7
21. Ra7+ Kd8 22. d5 cxd5 23. exd5 Bxd5 24. Be4 Rd6 25. Bxd5 Nxd5 26. Ra8+ Kd7
27. Ra7+ Ke6 28. f4 g4 29. f5+ Kf6 30. Qa1+ Kg5 31. Qc1+ Kf6 32. Qa1+ Nc3 33.
Nxc3 bxc3 34. Qxc3+ e5 35. Re1 Kg7 36. Qxe5+ Rf6 37. Rd1 Qxf5 38. Qe7 Bxe7 39.
Rxe7 Qf2+ 40. Kh1 Qf1+ 0-1

[Event "Detroit (MOR/2/48)"]
[Site "?"]
[Date "1990.??.??"]
[Round "?"]
[White "Sturgis, Derreck"]
[Black "Waller, A."]
[Result "0-1"]
[WhiteElo "1605"]
[BlackElo "1605"]
[PlyCount "110"]
[EventDate "1990.??.??"]

{2/(48)} 1. Nf3 d5 2. d4 Nf6 3. c4 e6 4. a3 c6 5. Nc3 Nbd7 6. Bg5 Qc7 7. cxd5
exd5 8. e3 Bd6 9. h3 Ne4 10. Bd3 Ndf6 11. Qc2 Bf5 12. Bxf6 gxf6 13. Nxe4 dxe4
14. Bxe4 Qa5+ 15. Nd2 Bg6 16. O-O Qc7 17. f4 Bxe4 18. Nxe4 Be7 19. d5 Rc8 20.
d6 Bxd6 21. Nxf6+ Ke7 22. Ne4 Rcd8 23. Nxd6 Rxd6 24. Qe4+ Re6 25. Qb4+ Kd8 26.
Rad1+ Kc8 27. e4 Rg8 28. f5 Rh6 29. Rf3 Rd8 30. Rdd3 c5 31. Qc3 Rc6 32. e5 Rxd3
33. Rxd3 Qb6 34. Qb3 c4+ 35. Qxb6 Rxb6 36. Rc3 Rc6 37. Kf2 Kd7 38. Kf3 b5 39.
Ke4 Rc5 40. Kd4 Kc6 41. e6 fxe6 42. fxe6 Rd5+ 43. Ke4 Kd6 44. e7 Re5+ 45. Kd4
Rxe7 46. Re3 Rxe3 47. Kxe3 Kd5 48. g4 a5 49. h4 b4 50. axb4 axb4 51. g5 c3 52.
bxc3 bxc3 53. Kd3 Ke5 54. Kxc3 Kf5 55. Kd3 Kg4 0-1

[Event "Detroit (RVO/1)"]
[Site "?"]
[Date "1990.??.??"]
[Round "?"]
[White "Sturgis, Derreck"]
[Black "Steverson, Bunnard"]
[Result "0-1"]
[WhiteElo "1605"]
[BlackElo "1745"]
[PlyCount "46"]
[EventDate "1990.??.??"]

1. e4 c5 2. Nf3 d6 3. d4 cxd4 4. Nxd4 Nf6 5. Nc3 a6 6. Be2 e6 7. Bg5 Be7 8.
Bxf6 Bxf6 9. f4 Qb6 10. e5 dxe5 11. fxe5 Bxe5 12. Nb3 O-O 13. Qd2 Rd8 14. Bd3
Qc7 15. O-O-O Bf4 16. Qxf4 Qxf4+ 17. Kb1 Nd7 18. g3 Qh6 19. Nc5 Nxc5 20. Bxh7+
Kxh7 21. Rxd8 b5 22. Ne4 Nxe4 23. Rf1 Qxh2 0-1

[Event "Detroit (MCO/5/26)"]
[Site "?"]
[Date "1990.??.??"]
[Round "?"]
[White "Sturgis, Derreck"]
[Black "Mims, D."]
[Result "1-0"]
[WhiteElo "1605"]
[BlackElo "1605"]
[PlyCount "77"]
[EventDate "1990.??.??"]

{5/(26)} 1. d4 Nc6 2. d5 Ne5 3. e4 d6 4. c4 Ng4 5. f3 N8f6 6. fxg4 Bxg4 7. Be2
h5 8. Nc3 Qd7 9. h3 Bf5 10. exf5 Qxf5 11. g4 hxg4 12. hxg4 Nxg4 13. Bxg4 Qe5+
14. Qe2 Qg3+ 15. Kd1 Rxh1 16. Be3 Rh2 17. Qf3 Qe5 18. Qf4 e6 19. dxe6 fxe6 20.
Bxe6 Qh5+ 21. Nf3 Rxb2 22. Nb5 Qh1+ 23. Ng1 Kd8 24. Qg5+ Be7 25. Qxg7 Qh5+ 26.
Bg4 Qe8 27. Qxb2 a6 28. Nd4 Qf7 29. Ne6+ Ke8 30. Nxc7+ Kf8 31. Qh8+ Qg8 32.
Bh6+ Kf7 33. Be6+ Kg6 34. Bxg8 Bf6 35. Qh7+ Kh5 36. Bg7+ Kg5 37. Ne6+ Kg4 38.
Qe4+ Kh5 39. Bf7# 1-0

[Event "Detroit (MOR/4/59)"]
[Site "?"]
[Date "1990.??.??"]
[Round "?"]
[White "Sturgis, Derreck"]
[Black "Houston, Ryan"]
[Result "0-1"]
[WhiteElo "1605"]
[BlackElo "1605"]
[PlyCount "64"]
[EventDate "1990.??.??"]

{4/(59)} 1. d4 Nf6 2. c4 g6 3. Nc3 d5 4. f3 Bg7 5. e3 Nc6 6. Bd3 e5 7. dxe5
Nxe5 8. cxd5 Nxd5 9. Nge2 Nxc3 10. Nxc3 Nxd3+ 11. Ke2 Nxc1+ 12. Rxc1 Qxd1+ 13.
Rhxd1 O-O 14. e4 Be6 15. Nd5 Bxd5 16. Rxd5 c6 17. b3 cxd5 18. Rc7 dxe4 19. fxe4
b6 20. Kf3 Be5 21. Rd7 Bxh2 22. g3 Bxg3 23. Kxg3 Rad8 24. Rxa7 Rd3+ 25. Kf4 f5
26. e5 Rd4+ 27. Ke3 Re4+ 28. Kd3 Rxe5 29. Rb7 f4 30. Rxb6 f3 31. a4 f2 32. a5
f1=Q+ 0-1

[Event "Detroit (RVO/5)"]
[Site "?"]
[Date "1990.??.??"]
[Round "?"]
[White "Sturgis, Derreck"]
[Black "Franklin, Stan"]
[Result "0-1"]
[WhiteElo "1605"]
[BlackElo "1645"]
[PlyCount "46"]
[EventDate "1990.??.??"]

1. d4 d5 2. c4 dxc4 3. e3 b5 4. a4 c6 5. axb5 cxb5 6. b3 Bb7 7. bxc4 bxc4 8.
Bxc4 Bxg2 9. Bb5+ Nd7 10. f3 e6 11. Bc6 Rc8 12. Qa4 Rc7 13. Ba3 Bxa3 14. Rxa3
Qh4+ 15. Ke2 Bxh1 16. Qb5 Qxh2+ 17. Kd3 Ne7 18. Bxd7+ Rxd7 19. Rxa7 O-O 20.
Rxd7 Qxg1 21. Rxe7 Qf1+ 22. Ke4 Qxb5 23. Nc3 Qf5# 0-1

[Event "Detroit (RVO/4)"]
[Site "?"]
[Date "1990.??.??"]
[Round "?"]
[White "Sturgis, Derreck"]
[Black "Burnham, Kim"]
[Result "1-0"]
[WhiteElo "1605"]
[BlackElo "1605"]
[PlyCount "31"]
[EventDate "1990.??.??"]

1. d4 Nf6 2. c4 g6 3. Nc3 Bg7 4. f3 d6 5. e4 O-O 6. Bd3 Nbd7 7. Nge2 c5 8. d5
Re8 9. h4 Nf8 10. Bg5 e6 11. Qd2 e5 12. h5 gxh5 13. Rxh5 Bh6 14. Rxh6 N8d7 15.
Bxf6 Nxf6 16. Qg5+ 1-0

[Event "Detroit (MI Op/1a/2)"]
[Site "?"]
[Date "1990.??.??"]
[Round "?"]
[White "Stone, Ray"]
[Black "Vukotic, D."]
[Result "1-0"]
[WhiteElo "2435"]
[BlackElo "1985"]
[PlyCount "71"]
[EventDate "1990.??.??"]

1. d4 Nf6 2. c4 g6 3. Nc3 d5 4. cxd5 Nxd5 5. e4 Nxc3 6. bxc3 Bg7 7. Be3 c5 8.
Rc1 Qa5 9. Qd2 O-O 10. Nf3 Nc6 11. d5 Rd8 12. Be2 b6 13. Bh6 Ba6 14. Bxg7 Kxg7
15. O-O Qa4 16. Bxa6 Qxa6 17. Qf4 Na5 18. Qe5+ Kg8 19. Qxe7 Nc4 20. Rfd1 Nb2
21. Ne5 Rf8 22. Rd2 Nc4 23. Nxc4 Qxc4 24. f3 Rfd8 25. Qg5 Rd7 26. Qe3 Re8 27.
Qd3 Qxd3 28. Rxd3 Rd6 29. c4 g5 30. Re1 f6 31. g3 b5 32. cxb5 Rb8 33. a4 a6 34.
Rb1 axb5 35. Rxb5 Ra8 36. a5 1-0

[Event "Detroit (MI Op/5/2)"]
[Site "?"]
[Date "1990.??.??"]
[Round "?"]
[White "Stone, Ray"]
[Black "Mazuchowski, Tom"]
[Result "0-1"]
[WhiteElo "2435"]
[BlackElo "2185"]
[PlyCount "62"]
[EventDate "1990.??.??"]

{5/(2)} 1. d4 e6 2. c4 f5 3. g3 Nf6 4. Bg2 Be7 5. Nf3 O-O 6. O-O Ne4 7. b3 Bf6
8. Bb2 c5 9. Qc2 Nc6 10. dxc5 Nb4 11. Qc1 Nxc5 12. Qd2 a5 13. Nc3 Ne4 14. Nxe4
fxe4 15. Ne5 d5 16. Ng4 Bxb2 17. Qxb2 Qg5 18. Ne3 Nc6 19. Rad1 d4 20. Nc2 e5
21. Bxe4 Bh3 22. Bg2 Bxg2 23. Kxg2 Rad8 24. Ne1 e4 25. Nc2 Qc5 26. e3 d3 27.
Nd4 Nxd4 28. exd4 Rxd4 29. Qd2 Rf3 30. Rde1 Qf5 31. Qd1 d2 0-1

[Event "Detroit (MI Op/3/9)"]
[Site "?"]
[Date "1990.??.??"]
[Round "?"]
[White "Stone, Ray"]
[Black "Bailey, Greg"]
[Result "1-0"]
[WhiteElo "2435"]
[BlackElo "2070"]
[PlyCount "73"]
[EventDate "1990.??.??"]

{3/(9)} 1. d4 e6 2. c4 Nf6 3. Nf3 c5 4. d5 exd5 5. cxd5 d6 6. Nc3 Be7 7. e4 O-O
8. Be2 a6 9. a4 Re8 10. Nd2 Nbd7 11. O-O Bf8 12. Qc2 b6 13. Nc4 Bb7 14. Bf4 b5
15. axb5 Nb6 16. Na5 Qc8 17. Nxb7 Qxb7 18. bxa6 Qe7 19. Bb5 Red8 20. Bc6 Rab8
21. Nb5 Na8 22. a7 Rb6 23. Nxd6 Nh5 24. Nf5 Qf6 25. Bb8 Rxc6 26. dxc6 Qxc6 27.
Rfd1 Rc8 28. Bd6 g6 29. Bxf8 Kxf8 30. Nd6 Rc7 31. Qc3 Ng7 32. b4 cxb4 33. Qxb4
Ne6 34. Qb8+ Kg7 35. Ne8+ Kh6 36. Nxc7 Nexc7 37. Rac1 1-0

[Event "Detroit (MOR/2/39)"]
[Site "?"]
[Date "1990.??.??"]
[Round "?"]
[White "Stockman, David"]
[Black "Rompre, J."]
[Result "1-0"]
[WhiteElo "1680"]
[BlackElo "1605"]
[PlyCount "101"]
[EventDate "1990.??.??"]

{2/(39)} 1. d4 e6 2. Nf3 d5 3. e3 c5 4. c3 Nc6 5. Bd3 Nf6 6. Nbd2 Bd6 7. O-O
Qc7 8. dxc5 Bxc5 9. Re1 O-O 10. e4 Ng4 11. Rf1 d4 12. Nb3 dxc3 13. Nxc5 Nd4 14.
g3 Qxc5 15. Nxd4 Nxf2 16. Rxf2 Qxd4 17. bxc3 Qxc3 18. Bb2 Qc5 19. Qg4 e5 20.
Qg5 f6 21. Qd2 Bh3 22. Rc1 Qe7 23. Bc4+ Kh8 24. Bd5 Rad8 25. Qe3 Qd7 26. Rfc2
Qb5 27. Qxa7 Rd7 28. Qc5 Qxc5+ 29. Rxc5 h6 30. Rc7 Rxc7 31. Rxc7 b6 32. Rb7 Rc8
33. Bb3 Rc6 34. Ba4 Rc4 35. Rb8+ Kh7 36. Bb3 Rxe4 37. Bc2 Bf5 38. Bxe4 Bxe4 39.
Rxb6 Kg6 40. a4 Kf5 41. a5 Kg4 42. a6 h5 43. a7 h4 44. Rb4 Kf3 45. Rxe4 Kxe4
46. a8=Q+ Kf5 47. Qf3+ Kg6 48. g4 Kh7 49. Kf2 g5 50. Qxf6 Kg8 51. Bxe5 1-0

[Event "Detroit (MOR/5/22)"]
[Site "?"]
[Date "1990.??.??"]
[Round "?"]
[White "Stockman, David"]
[Black "Fletcher, G."]
[Result "1-0"]
[WhiteElo "1680"]
[BlackElo "1605"]
[PlyCount "71"]
[EventDate "1990.??.??"]

{5/(22)} 1. d4 d5 2. c4 e6 3. Nc3 c5 4. cxd5 cxd4 5. dxe6 Bxe6 6. Ne4 Nc6 7. a3
Be7 8. e3 Qa5+ 9. Bd2 Qe5 10. Qc2 Bf5 11. Bd3 Rd8 12. Nf3 Qe6 13. Neg5 Bxg5 14.
Bxf5 Qf6 15. Nxg5 Qxg5 16. Be4 d3 17. Bxc6+ bxc6 18. Qxc6+ Rd7 19. O-O Nf6 20.
Bb4 Nd5 21. Ba5 Ne7 22. Qa8+ Nc8 23. Qxc8+ Rd8 24. Qxd8+ Qxd8 25. Bxd8 Kxd8 26.
Rfd1 Ke7 27. Rxd3 Rc8 28. Rad1 Rc2 29. Rd7+ Ke6 30. R1d6+ Ke5 31. f4+ Ke4 32.
Re7+ Kf5 33. Rxf7+ Ke4 34. Re7+ Kf5 35. h3 Rc5 36. g4# 1-0

[Event "Detroit (MOR/4/34)"]
[Site "?"]
[Date "1990.??.??"]
[Round "?"]
[White "Stockman, David"]
[Black "Burke, David"]
[Result "1-0"]
[WhiteElo "1680"]
[BlackElo "1605"]
[PlyCount "61"]
[EventDate "1990.??.??"]

{4/(34)} 1. d4 d5 2. c4 dxc4 3. Nf3 Nf6 4. Nc3 e6 5. Bg5 Be7 6. e3 Nc6 7. Bxc4
O-O 8. a3 b6 9. Qc2 Bb7 10. Bd3 Na5 11. Bxf6 Bxf6 12. Bxh7+ Kh8 13. Be4 Bxe4
14. Nxe4 Rc8 15. Ke2 Be7 16. b4 Nb7 17. h4 Qd5 18. Neg5 Qf5 19. Qxf5 exf5 20.
h5 f6 21. Ne6 Rfe8 22. Nf4 Kg8 23. Nh4 Nd6 24. Nhg6 Ne4 25. h6 gxh6 26. Rxh6
Bd6 27. Rah1 Bxf4 28. Nxf4 Kg7 29. Rh7+ Kg8 30. Rh8+ Kg7 31. R1h7# 1-0

[Event "Lansing (Feb)"]
[Site "?"]
[Date "1990.??.??"]
[Round "?"]
[White "Stockham, James"]
[Black "Sundeen, David"]
[Result "0-1"]
[WhiteElo "1855"]
[BlackElo "1740"]
[PlyCount "74"]
[EventDate "1990.??.??"]

1. e4 e5 2. Nf3 Nf6 3. Nxe5 d6 4. Nxf7 Kxf7 5. d4 Be7 6. Bc4+ Be6 7. Bxe6+ Kxe6
8. O-O Rf8 9. Nc3 Kf7 10. f4 Kg8 11. Qe2 Qd7 12. h3 Nc6 13. Be3 Kh8 14. Rad1
Rae8 15. e5 Ng8 16. g4 Bh4 17. d5 Nxe5 18. fxe5 Rxf1+ 19. Rxf1 Rxe5 20. Qf3 Qe7
21. Bf2 Bxf2+ 22. Rxf2 a6 23. Qf7 h6 24. Qxe7 Rxe7 25. Kg2 Nf6 26. Rd2 Kg8 27.
Nd1 b5 28. c3 Re5 29. a4 Nxd5 30. axb5 axb5 31. Kf2 Kf7 32. h4 Ke6 33. Rd3 c5
34. Kf3 g5 35. Ne3 Nxe3 36. Rxe3 Rxe3+ 37. Kxe3 gxh4 0-1

[Event "Lansing (Mini-Swiss.3/1)"]
[Site "?"]
[Date "1990.??.??"]
[Round "?"]
[White "Stockham, James"]
[Black "June, Brian"]
[Result "0-1"]
[WhiteElo "1855"]
[BlackElo "1805"]
[PlyCount "160"]
[EventDate "1990.??.??"]

{3/(1)} 1. e4 c5 2. Nf3 Nc6 3. c3 Nf6 4. e5 Nd5 5. d4 cxd4 6. cxd4 d6 7. exd6
Qxd6 8. Be2 g6 9. O-O Bg7 10. Nc3 O-O 11. Ne4 Qb4 12. a3 Qb6 13. Nc3 Rd8 14.
Na4 Qc7 15. Be3 Bg4 16. Rc1 Qd6 17. Qd2 b6 18. Rfd1 Rac8 19. Nc3 Na5 20. Qc2
Bf5 21. Qa4 Nxe3 22. fxe3 Qe6 23. e4 Bxe4 24. Ng5 Bc6 25. Nxe6 Bxa4 26. Nxa4
fxe6 27. Rxc8 Rxc8 28. Bg4 Rc6 29. Nc3 Nc4 30. Bf3 Rd6 31. Nb5 Rd8 32. Bg4 Nxb2
33. Bxe6+ Kh8 34. Rd2 a6 35. Rxb2 axb5 36. Rxb5 Bxd4+ 37. Kf1 Bc5 38. Rb3 Ra8
39. Bd7 Rxa3 40. Rxa3 Bxa3 41. Ke2 Kg7 42. Kf3 Kf6 43. Ke4 h6 44. h3 e6 45. Be8
Bb2 46. Bb5 Ke7 47. Ba4 Kd6 48. Be8 g5 49. Ba4 Kc5 50. Bb3 e5 51. Kd3 b5 52.
Bd1 Kb4 53. Kc2 Bd4 54. Bf3 Ka3 55. Be4 b4 56. Bd5 Bc3 57. Kb1 b3 58. Be4 Kb4
59. Kc1 Kc4 60. Bb1 Kd4 61. Kd1 Ke3 62. Bg6 e4 63. Bf5 Kd3 64. Be6 b2 65. Ba2
e3 66. Bb1+ Kc4 67. Ke2 Bd4 68. Kf3 Kd5 69. Be4+ Ke5 70. Bb1 h5 71. g4 hxg4+
72. hxg4 Kd5 73. Bd3 Kc5 74. Ke2 Kb4 75. Bb1 Kc3 76. Kd1 Be5 77. Ke2 Kd4 78.
Kf3 Bf4 79. Bc2 Kc3 80. Bb1 Kd2 0-1

[Event "Lansing (Mini-Swiss.2/1)"]
[Site "?"]
[Date "1990.??.??"]
[Round "?"]
[White "Stockham, James"]
[Black "Hawley, T."]
[Result "0-1"]
[WhiteElo "1835"]
[BlackElo "1770"]
[PlyCount "34"]
[EventDate "1990.??.??"]

{2/(1)} 1. e4 e5 2. Nf3 Nc6 3. Bc4 Nf6 4. d3 Be7 5. O-O d6 6. c3 Bg4 7. Nbd2
O-O 8. Bb3 Qd7 9. Re1 Kh8 10. Nf1 Na5 11. Bc2 Nc6 12. Ne3 Bh5 13. h3 Nd8 14.
Nf5 Ne6 15. Nxe7 Qxe7 16. g4 Nxg4 17. Nxe5 Ne3 0-1

[Event "Lansing (Mini-Swiss.2/3)"]
[Site "?"]
[Date "1990.??.??"]
[Round "?"]
[White "Stockham, James"]
[Black "Decker, Dale"]
[Result "1/2-1/2"]
[WhiteElo "1835"]
[BlackElo "1875"]
[PlyCount "84"]
[EventDate "1990.??.??"]

{2/(3)} 1. e4 d5 2. d4 dxe4 3. Nc3 Nf6 4. f3 exf3 5. Nxf3 c6 6. Bc4 e6 7. O-O
Bd6 8. Bg5 Nbd7 9. Qe2 O-O 10. Ne5 c5 11. Nxf7 Rxf7 12. Bxe6 Qf8 13. Bxf7+ Qxf7
14. Ne4 Qe6 15. Nxf6+ Nxf6 16. Qxe6+ Bxe6 17. Bxf6 Bc4 18. Be5 Bxe5 19. dxe5
Bxf1 20. Kxf1 Rf8+ 21. Ke2 Rf5 22. Kd3 Rxe5 23. Rf1 b5 24. Rf2 g6 25. Rf6 Rd5+
26. Ke2 Kg7 27. Ra6 Rd7 28. Ra5 Rb7 29. b3 Kf6 30. a4 bxa4 31. Rxa4 Ke5 32. Ke3
Kd5 33. Ra6 Re7+ 34. Kd3 Rd7 35. Ra4 Kc6+ 36. Kc3 Kb6 37. Re4 a5 38. Re8 Kb5
39. Rb8+ Ka6 40. Rc8 Kb6 41. Rb8+ Kc6 42. Ra8 Kb6 1/2-1/2

[Event "Lansing (Apr)"]
[Site "?"]
[Date "1990.??.??"]
[Round "?"]
[White "Stockham, James"]
[Black "Burg, Dan"]
[Result "1/2-1/2"]
[WhiteElo "1850"]
[BlackElo "1840"]
[PlyCount "67"]
[EventDate "1990.??.??"]

1. e4 e5 2. Nf3 Nf6 3. Nc3 Nc6 4. d4 exd4 5. Nxd4 Nxd4 6. Qxd4 d6 7. Bg5 Be7 8.
O-O-O O-O 9. Bc4 a6 10. e5 dxe5 11. Qxe5 Bd6 12. Qd4 Be7 13. Bxf6 Bxf6 14. Qxd8
Rxd8 15. Nd5 Be6 16. Nxf6+ gxf6 17. Be2 a5 18. a3 Rd7 19. Rxd7 Bxd7 20. Bf3 Rb8
21. Re1 Kf8 22. g3 b5 23. Rd1 Be6 24. c3 c5 25. Rd6 b4 26. cxb4 cxb4 27. axb4
Rxb4 28. Rd3 Ke7 29. Ra3 Rb5 30. h4 Rc5+ 31. Kd2 Rb5 32. Kc1 Rc5+ 33. Kd2 Rb5
34. Kc1 1/2-1/2

[Event "Detroit (MOR/3/31)"]
[Site "?"]
[Date "1990.??.??"]
[Round "?"]
[White "Stinson, Darlene"]
[Black "Stockman, David"]
[Result "1/2-1/2"]
[WhiteElo "1605"]
[BlackElo "1680"]
[PlyCount "85"]
[EventDate "1990.??.??"]

{3/(31)} 1. e4 e6 2. Nf3 d5 3. Nc3 d4 4. Nb5 c5 5. c3 a6 6. Na3 Nc6 7. cxd4
cxd4 8. b3 b5 9. Bb2 e5 10. Rc1 Bb7 11. Nb1 Nf6 12. d3 Qa5+ 13. Nbd2 Bd6 14. a4
O-O 15. axb5 axb5 16. Be2 Nd7 17. O-O Nb4 18. Ng5 Qa2 19. Ba1 Nc5 20. f3 h6 21.
Nh3 Bc8 22. Nf2 Be6 23. Rb1 Ra7 24. h3 Rfa8 25. Kh2 f5 26. g3 Qa5 27. Kg2 Qd8
28. exf5 Bxf5 29. Nde4 Ra2 30. Nxd6 Qxd6 31. Bb2 Qe6 32. f4 Nxb3 33. fxe5 Nc5
34. Bxd4 Ncxd3 35. Kg1 Nxf2 36. Rxf2 Bxb1 37. Qxb1 Qe7 38. Bxb5 Rxf2 39. Bc4+
Rf7 40. Bxf7+ Kxf7 41. Qb3+ Ke8 42. Qg8+ Qf8 43. Qe6+ 1/2-1/2

[Event "Detroit (MOR/5/40)"]
[Site "?"]
[Date "1990.??.??"]
[Round "?"]
[White "Stinson, Darlene"]
[Black "Smith, Robert"]
[Result "0-1"]
[WhiteElo "1605"]
[BlackElo "1740"]
[PlyCount "96"]
[EventDate "1990.??.??"]

{5/(40)} 1. e4 c5 2. Bc4 d6 3. Nf3 Nf6 4. Nc3 e6 5. a3 a6 6. b4 b5 7. Be2 cxb4
8. axb4 Bb7 9. d3 Qc7 10. Bd2 Nc6 11. Na2 d5 12. exd5 Nxd5 13. c3 Be7 14. O-O
O-O 15. d4 Nf4 16. Re1 Bf6 17. g3 Ng6 18. Ng5 Nce7 19. Bd3 Nd5 20. Bxg6 hxg6
21. Qg4 Bxg5 22. Qxg5 Nf6 23. Qc5 Qd7 24. Qe5 Qc6 25. d5 Nxd5 26. Qe4 Qd7 27.
Qe2 Rfe8 28. Rad1 Rac8 29. f4 Rc4 30. Nc1 Rec8 31. Na2 Nf6 32. Be3 Qc6 33. Bd4
Qh1+ 34. Kf2 Qxh2+ 35. Ke3 Qxg3+ 36. Kd2 Ne4+ 37. Kc2 Qxf4 38. Rd3 Qc7 39. Rh3
e5 40. Qh2 Kf8 41. Rh8+ Ke7 42. Rxc8 Bxc8 43. Rxe4 Bf5 44. Bc5+ Ke6 45. Kb3
Rxe4 46. Qd2 f6 47. Nc1 Kf7 48. Qd5+ Be6 0-1

[Event "Detroit (MOR/1b/10)"]
[Site "?"]
[Date "1990.??.??"]
[Round "?"]
[White "Stinson, Darlene"]
[Black "Mose, Greg"]
[Result "0-1"]
[WhiteElo "1605"]
[BlackElo "1710"]
[PlyCount "22"]
[EventDate "1990.??.??"]

1. d4 d5 2. e3 Nc6 3. Nd2 e5 4. c3 Nf6 5. Bd3 e4 6. Bc2 g6 7. f3 Bf5 8. fxe4
Nxe4 9. g4 Qh4+ 10. Ke2 Qf2+ 11. Kd3 Nc5# 0-1

[Event "Detroit (MOR/6/26)"]
[Site "?"]
[Date "1990.??.??"]
[Round "?"]
[White "Stinson, A."]
[Black "Vaka, Flamur"]
[Result "0-1"]
[WhiteElo "1605"]
[BlackElo "1605"]
[PlyCount "120"]
[EventDate "1990.??.??"]

{6/(26)} 1. d4 Nf6 2. e3 g6 3. Nf3 Bg7 4. Bd3 d6 5. e4 O-O 6. Be3 Ng4 7. Qd2 c5
8. c3 cxd4 9. Bxd4 Nf6 10. O-O Nc6 11. Be3 Bg4 12. Be2 Nxe4 13. Qc1 Nf6 14. h3
Bd7 15. Bh6 Rc8 16. Bxg7 Kxg7 17. Nbd2 Nb4 18. a3 Nbd5 19. Nd4 Bc6 20. Nxc6
Rxc6 21. Rd1 Nf4 22. Bf3 Rc7 23. Ne4 N4d5 24. Nxf6 Nxf6 25. Rd3 Nd7 26. Qd2 Ne5
27. Rd4 Nxf3+ 28. gxf3 Qd7 29. Kh2 Rfc8 30. Rc1 Rc4 31. b3 R4c7 32. c4 Qf5 33.
Qc3 Kg8 34. b4 b6 35. Rcd1 Qe5+ 36. f4 Qf5 37. Kg3 Qe6 38. Rc1 a6 39. a4 b5 40.
axb5 axb5 41. c5 dxc5 42. bxc5 Rxc5 43. Rd8+ Rxd8 44. Qxc5 Qd7 45. Rc3 Re8 46.
Rb3 h5 47. Re3 e6 48. Qe5 Rd8 49. Rb3 Qd1 50. Qxb5 Qg1+ 51. Kh4 Qxf2+ 52. Rg3
Qxf4+ 53. Rg4 Qf2+ 54. Kg5 Rd5+ 55. Qxd5 exd5 56. Rf4 Qg3+ 57. Rg4 hxg4 58.
hxg4 f6+ 59. Kh6 Qh4+ 60. Kxg6 Qg5# 0-1

[Event "Detroit (MOR/2/24)"]
[Site "?"]
[Date "1990.??.??"]
[Round "?"]
[White "Stinson, A."]
[Black "Mohammed, Azziem"]
[Result "0-1"]
[WhiteElo "1605"]
[BlackElo "1675"]
[PlyCount "66"]
[EventDate "1990.??.??"]

{2/(24)} 1. d4 Nf6 2. e3 d5 3. Bd3 Bg4 4. Nf3 Nbd7 5. h3 Bh5 6. b3 c5 7. c4 e6
8. Be2 Bd6 9. Nfd2 Bxe2 10. Qxe2 cxd4 11. exd4 Rc8 12. O-O O-O 13. c5 Bb8 14.
Ba3 Re8 15. Nf3 e5 16. Qd2 Qc7 17. Bc1 e4 18. g3 exf3 19. Nc3 Ne4 20. Nxe4 Rxe4
21. Re1 Rce8 22. Bb2 Re2 23. Qc3 Nf6 24. Qxf3 Rxe1+ 25. Rxe1 Rxe1+ 26. Kg2 Qe7
27. a3 Re2 28. Bc3 Qe4 29. Qxe4 Nxe4 30. Bb4 Rxf2+ 31. Kg1 Bxg3 32. Be1 Bh2+
33. Kh1 Ng3# 0-1

[Event "Detroit (MOR/5/36)"]
[Site "?"]
[Date "1990.??.??"]
[Round "?"]
[White "Stinson, A."]
[Black "Gore, R."]
[Result "1-0"]
[WhiteElo "1605"]
[BlackElo "1605"]
[PlyCount "127"]
[EventDate "1990.??.??"]

{5/(36)} 1. d4 d5 2. e3 c5 3. c3 e6 4. Nf3 Nf6 5. Bd3 Nc6 6. O-O Bd6 7. Nbd2
O-O 8. c4 dxc4 9. Nxc4 cxd4 10. exd4 Bc7 11. Be3 a6 12. Nce5 Qd5 13. Nxc6 Qxc6
14. Rc1 Qd6 15. Ne5 Nd7 16. g3 Nxe5 17. dxe5 Qd5 18. Bxh7+ Kxh7 19. Qxd5 exd5
20. Rxc7 Be6 21. Bd4 b5 22. f4 Rfc8 23. Rfc1 Rxc7 24. Rxc7 Rc8 25. Rxc8 Bxc8
26. Kg2 Kg6 27. Kf3 Kh5 28. Kg2 g6 29. h3 g5 30. g4+ Kg6 31. f5+ Kh6 32. Kg3
Kh7 33. Be3 f6 34. exf6 Kg8 35. Bxg5 Kf7 36. h4 d4 37. a3 Bb7 38. Kf4 Kg8 39.
Ke5 d3 40. Bd2 Bf3 41. g5 Bh5 42. g6 Kf8 43. Ke6 Ke8 44. g7 Bf7+ 45. Ke5 Bg8
46. h5 Kf7 47. h6 Bh7 48. b4 Bg8 49. Kd4 Kxf6 50. Kxd3 Kxf5 51. Kd4 Kg6 52. Kc5
Be6 53. Kb6 Kh7 54. Kxa6 Bc4 55. Ka5 Kg8 56. a4 bxa4 57. Kxa4 Bd5 58. b5 Bb7
59. Ka5 Bd5 60. Kb6 Kh7 61. Kc7 Be4 62. b6 Bd5 63. b7 Bxb7 64. Kxb7 1-0

[Event "Detroit (MCO/2/21)"]
[Site "?"]
[Date "1990.??.??"]
[Round "?"]
[White "Steverson, Bunnard"]
[Black "Watkins, K."]
[Result "1-0"]
[WhiteElo "1755"]
[BlackElo "1605"]
[PlyCount "51"]
[EventDate "1990.??.??"]

{2/(21)} 1. e4 e5 2. Nf3 Nc6 3. Bb5 d6 4. h3 Bd7 5. c3 a6 6. Ba4 Nf6 7. Bc2 Be7
8. O-O O-O 9. d4 exd4 10. Nxd4 Re8 11. Be3 d5 12. Nxc6 Bxc6 13. e5 Nd7 14. f4
Bc5 15. Bd4 b5 16. Qh5 g6 17. Qg4 Bxd4+ 18. cxd4 Nf8 19. Nd2 Bd7 20. f5 Rc8 21.
Qg3 c5 22. e6 fxe6 23. fxg6 Nxg6 24. Bxg6 hxg6 25. Qxg6+ Kh8 26. Rf7 1-0

[Event "Detroit (RVO/4)"]
[Site "?"]
[Date "1990.??.??"]
[Round "?"]
[White "Steverson, Bunnard"]
[Black "Ward, Tom"]
[Result "0-1"]
[WhiteElo "1745"]
[BlackElo "2130"]
[PlyCount "96"]
[EventDate "1990.??.??"]

1. e4 c5 2. Nf3 d6 3. d4 cxd4 4. Nxd4 Nf6 5. Nc3 a6 6. a4 e5 7. Nf3 h6 8. Be2
Be7 9. O-O O-O 10. h3 Be6 11. Be3 Nbd7 12. Qd2 Qc7 13. Bd3 Nc5 14. Rac1 Qc6 15.
Bxc5 Qxc5 16. Ne2 Qc6 17. Qb4 Rfe8 18. Ng3 d5 19. exd5 Bxd5 20. Qh4 Bxf3 21.
gxf3 Qxf3 22. Nf5 Bc5 23. Rce1 e4 24. Nxh6+ gxh6 25. Be2 Qf5 26. Qxh6 Qg6+ 27.
Qxg6+ fxg6 28. Kh1 Kg7 29. f3 Rh8 30. Kg2 Nd5 31. fxe4 Ne3+ 32. Kg3 Nxf1+ 33.
Bxf1 Raf8 34. Rd1 Rd8 35. Bd3 Bd4 36. Kg4 Be5 37. b3 Rhf8 38. Rf1 Rxf1 39. Bxf1
Rd1 40. Bd3 Rg1+ 41. Kf3 Rg3+ 42. Ke2 Rxh3 43. Bc4 g5 44. a5 g4 45. Bd5 Rh2+
46. Kd3 g3 47. Bxb7 g2 48. Bxa6 g1=Q 0-1

[Event "Detroit (MOR/2/13)"]
[Site "?"]
[Date "1990.??.??"]
[Round "?"]
[White "Steverson, Bunnard"]
[Black "Rodriguez, Juan"]
[Result "1-0"]
[WhiteElo "1735"]
[BlackElo "1605"]
[PlyCount "111"]
[EventDate "1990.??.??"]

{2/(13)} 1. e4 c5 2. Nf3 d6 3. d4 cxd4 4. Nxd4 Nf6 5. Nc3 a6 6. a4 Qc7 7. Be2
e5 8. Nf3 Be7 9. O-O Nc6 10. h3 O-O 11. Be3 b6 12. Nd2 Rb8 13. f4 Rd8 14. Bf3
Bb7 15. Nc4 Nd4 16. Bxd4 Qxc4 17. Bxb6 Rdc8 18. Qd3 Bxe4 19. Qxc4 Rxc4 20. Nxe4
Nxe4 21. b3 Rcc8 22. Bxe4 Rxb6 23. fxe5 dxe5 24. Rad1 Bc5+ 25. Kh1 Bd4 26. Bd5
Rc7 27. c3 Bc5 28. Rf5 Bd6 29. Rdf1 g6 30. Rxf7 Rxf7 31. Rxf7 Kh8 32. Ra7 Rb8
33. Rxa6 Bc5 34. Ra8 Rxa8 35. Bxa8 Kg7 36. b4 Be3 37. b5 Kf6 38. Bd5 Ke7 39. a5
Bd2 40. a6 Be3 41. g4 g5 42. Kg2 Kd6 43. c4 Ba7 44. Kf3 h6 45. Ke4 Bd4 46. Kf5
Ke7 47. a7 Bxa7 48. Kxe5 Bb8+ 49. Kd4 Ba7+ 50. c5 Kd8 51. b6 Bb8 52. Be6 Bh2
53. Kd5 Bb8 54. Kc6 Bf4 55. Kb7 Ke7 56. Bf5 1-0

[Event "Flint (Class B/1)"]
[Site "?"]
[Date "1990.??.??"]
[Round "?"]
[White "Steverson, Bunnard"]
[Black "Robinson, Dave"]
[Result "1-0"]
[WhiteElo "1725"]
[BlackElo "1660"]
[PlyCount "115"]
[EventDate "1990.??.??"]

1. e4 c6 2. d4 d5 3. Nc3 dxe4 4. Nxe4 Bf5 5. Ng3 Bg6 6. Nf3 Nd7 7. Bd3 Bxd3 8.
Qxd3 Ngf6 9. O-O e6 10. h3 Bd6 11. Be3 O-O 12. Ne4 Nxe4 13. Qxe4 Nf6 14. Qd3
Qc7 15. Ng5 Rad8 16. c3 c5 17. Ne4 Be7 18. Rad1 c4 19. Nxf6+ Bxf6 20. Qe4 Rd5
21. Bf4 Qa5 22. a3 Qb5 23. Rd2 Rfd8 24. Re1 h6 25. Qf3 Qc6 26. Bxh6 gxh6 27.
Qxf6 R8d6 28. Qxh6 e5 29. Qh5 exd4 30. Qf3 d3 31. Re4 Rg6 32. Qf4 Rdg5 33. f3
b5 34. Qb8+ Kg7 35. Qxa7 Rg3 36. Qd4+ Kf8 37. Qd8+ Kg7 38. Rh4 Rh6 39. Qd4+ Kf8
40. Qf4 Qc5+ 41. Kh2 Rxh4 42. Qxh4 Qe3 43. Qd8+ Kg7 44. Qd4+ Qxd4 45. cxd4 Rg6
46. g4 Rd6 47. Kg2 Rxd4 48. Kf1 Rd6 49. Ke1 Re6+ 50. Kd1 Re3 51. Rf2 Kg6 52. h4
Re5 53. Kd2 f5 54. h5+ Kg5 55. Rh2 fxg4 56. fxg4 Kxg4 57. h6 Rh5 58. Rxh5 1-0